Designing your organization (Record no. 76670)
[ view plain ]
| 000 -LEADER | |
|---|---|
| fixed length control field | 01672nam a2200373 a 4500 |
| 082 04 - DEWEY DECIMAL CLASSIFICATION NUMBER | |
| Classification number | 658.4/02 |
| 100 1# - MAIN ENTRY--AUTHOR NAME | |
| Personal name | Kates, Amy. |
| 245 10 - TITLE STATEMENT | |
| Title | Designing your organization |
| 250 ## - EDITION STATEMENT | |
| Edition statement | 1st ed. |
| 260 ## - PUBLICATION, DISTRIBUTION, ETC. (IMPRINT) | |
| Place of publication | San Francisco : |
| Name of publisher | Jossey-Bass, |
| Year of publication | c2007. |
| 300 ## - PHYSICAL DESCRIPTION | |
| Number of Pages | xvi, 256 p. : |
| Other physical details | ill. |
| 505 0# - FORMATTED CONTENTS NOTE | |
| Formatted contents note | Introduction -- The authors -- Fundamentals of organization design -- Designing around the customer -- Organizing across borders -- Making a matrix work -- Solving the centralization-decentralization dilemma -- Organizing for innovation -- Conclusion -- Appendix: Decision tools -- Bibliography. |
| 650 #0 - SUBJECT ADDED ENTRY--TOPICAL TERM | |
| Topical Term | Organizational change. |
| Topical Term | Organizational effectiveness. |
| 700 1# - ADDED ENTRY--PERSONAL NAME | |
| Personal name | Galbraith, Jay R. |
| 856 40 - ELECTRONIC LOCATION AND ACCESS | |
| Uniform Resource Identifier | http://site.ebrary.com/lib/rucke/Doc?id=10295901 |
No items available.
